A dialectical psychology /

Gardado en:
Detalles Bibliográficos
Autor Principal: Buss, Allan R. (autor)
Formato: Libro
Idioma:inglés
Publicado: Nueva Jersey, EUA : Irvington, 1979
Temas:
Etiquetas: Engadir etiqueta
Sen Etiquetas, Sexa o primeiro en etiquetar este rexistro!

MARC

LEADER 00000nam^a2200000^a^4500
001 000000817
005 20260624000000.0
009 20260625154334.673
020 |a 0-470-26737-2 
037 |a Acervo ITESO - Biblioteca 
041 |a ING 
082 |a 150. 1  |b BUS 
100 |a Buss, Allan R.  |e (autor) 
245 1 2 |a A dialectical psychology /  |c A.R. Buss. 
264 1 |a Nueva Jersey, EUA :  |b Irvington,  |c 1979 
300 |a 211 p. 
336 |a texto  |b txt  |2 rdacontenido 
337 |a sin mediación  |b n  |2 rdamedio 
338 |a volumen  |b nc  |2 rdasoporte 
649 |a XX 
650 |a Psicología 
910 |a Fondo General 
920 |a Impresos - Libros 
930 |a Colección General 
905 |a 101 
901 |a 0008170100  |b IT1  |c ACC  |i 000817  |u 20260624 
902 |a https://opac.biblio.iteso.mx/vufind/Record/000000817